[Event "Guernsey op 46th"]
[Site "St James"]
[Date "2022.10.22"]
[Round "7"]
[White "Morgan, Jamie"]
[Black "Cordova Lopez, Diego Anton"]
[Result "1/2-1/2"]
[WhiteElo "1741"]
[BlackElo "2006"]
[PlyCount "44"]
[EventDate "2022.10.16"]
[EventType "swiss"]
[EventRounds "7"]
[EventCountry "GCI"]
[SourceTitle "EXT 2024"]
[Source "ChessBase"]
[SourceDate "2023.10.10"]
[SourceVersion "1"]
[SourceVersionDate "2023.10.10"]
[SourceQuality "1"]

1. e4 c5 2. Nc3 g6 3. f4 Bg7 4. Nf3 Nc6 5. a4 a6 6. Bc4 Nd4 7. d3 d6 8. 0-0 Bg4 9. Bxf7+ Kf8 10. Bxg8 Kxg8 11. Nd5 Nxf3+ 12. gxf3 Bh3 13. Re1 e6 14. Ne3 Qh4 15. Qe2 Bh6 16. Ng4 Bxg4 17. fxg4 Rf8 18. Rf1 Bg7 19. Be3 h5 20. g5 Rf7 21. c3 d5 22. e5 Bf8 1/2-1/2

[Event "Guernsey op 46th"]
[Site "St James"]
[Date "2022.10.20"]
[Round "5"]
[White "Smith, Andrew Philip"]
[Black "Cordova Lopez, Diego Anton"]
[Result "0-1"]
[WhiteElo "2087"]
[BlackElo "2006"]
[PlyCount "198"]
[EventDate "2022.10.16"]
[EventType "swiss"]
[EventRounds "7"]
[EventCountry "GCI"]
[SourceTitle "EXT 2024"]
[Source "ChessBase"]
[SourceDate "2023.10.10"]
[SourceVersion "1"]
[SourceVersionDate "2023.10.10"]
[SourceQuality "1"]

1. e4 c5 2. Nf3 g6 3. d4 cxd4 4. Nxd4 Nc6 5. Be2 Bg7 6. Nb3 Nf6 7. Nc3 0-0 8. 0-0 a5 9. a4 d6 10. Be3 e6 11. Qd2 d5 12. exd5 exd5 13. Rad1 Nb4 14. Bf3 Bg4 15. Bxg4 Nxg4 16. Bd4 Qh4 17. h3 Ne5 18. Qe2 Rfe8 19. Rfe1 h5 20. Nb5 Na6 21. Qd2 b6 22. c3 Re6 23. Bxe5 Bxe5 24. N3d4 Bf4 25. Qc2 Rxe1+ 26. Rxe1 Nc5 27. Nf3 Qf6 28. Nbd4 Rc8 29. Qd1 Ne4 30. Ne2 Rd8 31. Nxf4 Qxf4 32. Qd4 Rd6 33. c4 Qf5 34. cxd5 Nf6 35. Re5 Qd7 36. Re1 Qd8 37. Ne5 Rxd5 38. Qc3 Rd1 39. Nf3 Rxe1+ 40. Nxe1 Qd1 41. Kf1 Ne4 42. Qe3 Nd2+ 43. Kg1 Nc4 44. Qe8+ Kg7 45. Kf1 Qd4 46. b3 Nd2+ 47. Kg1 Nxb3 48. Nf3 Qd1+ 49. Kh2 Qd6+ 50. g3 Nc5 51. Qb5 Qe6 52. h4 Qb3 53. Qe2 Qc3 54. Ng5 Qf6 55. Qa2 Kg8 56. Kg1 Qe7 57. Qc4 Qd7 58. Qf4 Nxa4 59. Nxf7 Qxf7 60. Qxa4 Kh7 61. Qc6 Qa7 62. Qa4 Qb7 63. Qb5 Qc7 64. Qa4 Qd6 65. Qe8 Qd4 66. Qf7+ Qg7 67. Qa2 Qd7 68. Qa3 a4 69. Qb4 b5 70. Kg2 Kg7 71. Qc3+ Kf7 72. Qf3+ Ke7 73. Qe4+ Kd6 74. Qxg6+ Qe6 75. Qg7 Qd5+ 76. Kh2 Kc5 77. Qc3+ Kb6 78. Qe3+ Qc5 79. Qe6+ Ka5 80. Qe1+ b4 81. Kg1 a3 82. Qe6 Ka4 83. Qa6+ Qa5 84. Qc6+ Qb5 85. Qe4 a2 86. Qc2+ b3 87. Qb2 Qd5 88. Kh2 Qe4 89. Qc3 Qc2 90. Qd4+ Ka3 91. Qd6+ Kb2 92. Qe5+ Kb1 93. Qe1+ Qc1 94. Qe4+ Ka1 95. Qd4+ b2 96. Qe5 Qd2 97. Kg2 Kb1 98. Qe4+ Kc1 99. Qc4+ Qc2 0-1

[Event "Sitges op 46th"]
[Site "Sitges"]
[Date "2022.07.27"]
[Round "6"]
[White "Cordova Lopez, Diego Anton"]
[Black "Cespedes Llaverias, Llibert"]
[Result "1/2-1/2"]
[WhiteElo "1726"]
[BlackElo "2073"]
[PlyCount "109"]
[EventDate "2022.07.22"]
[EventType "swiss"]
[EventRounds "9"]
[EventCountry "ESP"]
[SourceTitle "CBM 209 Extra"]
[Source "ChessBase"]
[SourceDate "2022.09.30"]
[SourceVersion "1"]
[SourceVersionDate "2022.09.30"]
[SourceQuality "1"]

1. e4 c5 2. Nf3 Nc6 3. d4 cxd4 4. Nxd4 e6 5. Nc3 Qc7 6. Be3 a6 7. Qd2 b5 8. 0-0-0 Nxd4 9. Bxd4 Bb7 10. Kb1 Nf6 11. f3 Rc8 12. g4 Be7 13. h4 d5 14. g5 Nh5 15. exd5 b4 16. Na4 Bxd5 17. Bxa6 Bxf3 18. Bxc8 Qxc8 19. Rhg1 Bxd1 20. Qxd1 Qd8 21. c3 bxc3 22. Bxc3 Qxd1+ 23. Rxd1 h6 24. b4 hxg5 25. hxg5 Bxg5 26. Rh1 f6 27. b5 g6 28. Nc5 Kf7 29. a4 Rc8 30. Bb4 f5 31. b6 Be3 32. Nb7 Rb8 33. Nd6+ Kf6 34. b7 Nf4 35. a5 Nd3 36. Bc3+ Ke7 37. Nc8+ Kd7 38. a6 e5 39. Rd1 e4 40. Be5 Rxc8 41. bxc8Q+ Kxc8 42. Bg7 Kc7 43. Kc2 Nb4+ 44. Kc3 Nxa6 45. Be5+ Kc8 46. Rd6 Nc5 47. Rxg6 Nd3 48. Bd4 Bc1 49. Rg3 Kd7 50. Rxd3 exd3 51. Kxd3 Ke6 52. Ba7 Ke5 53. Bb8+ Ke6 54. Ke2 Bg5 55. Kf3 1/2-1/2

[Event "Sitges op 46th"]
[Site "Sitges"]
[Date "2022.07.26"]
[Round "5"]
[White "Schippke, Manon"]
[Black "Cordova Lopez, Diego Anton"]
[Result "1-0"]
[WhiteElo "2177"]
[BlackElo "1726"]
[PlyCount "35"]
[EventDate "2022.07.22"]
[EventType "swiss"]
[EventRounds "9"]
[EventCountry "ESP"]
[SourceTitle "CBM 209 Extra"]
[Source "ChessBase"]
[SourceDate "2022.09.30"]
[SourceVersion "1"]
[SourceVersionDate "2022.09.30"]
[SourceQuality "1"]

1. e4 c5 2. Nf3 g6 3. c3 Bg7 4. d4 cxd4 5. cxd4 d5 6. e5 a6 7. h3 f6 8. Nc3 Nc6 9. Bf4 fxe5 10. Nxe5 Nxe5 11. Bxe5 Nf6 12. Bd3 0-0 13. 0-0 Nh5 14. Re1 Nf4 15. Bf1 e6 16. Bxg7 Kxg7 17. Qd2 Bd7 18. Rxe6 1-0

[Event "ENG-ch Schools Final"]
[Site "Staffordshire"]
[Date "2022.07.01"]
[Round "4.4"]
[White "Dasgupta, Avyukt"]
[Black "Cordova Lopez, Diego Anton"]
[Result "1/2-1/2"]
[WhiteElo "1714"]
[BlackElo "1726"]
[PlyCount "42"]
[EventDate "2022.06.30"]
[EventType "swiss"]
[EventRounds "5"]
[EventCountry "ENG"]
[SourceTitle "EXT 2023"]
[Source "ChessBase"]
[SourceDate "2022.10.05"]
[SourceVersion "1"]
[SourceVersionDate "2022.10.05"]
[SourceQuality "1"]

1. d4 d5 2. Bf4 Nf6 3. e3 c5 4. c3 Nc6 5. Nd2 Qb6 6. Qb3 g6 7. h3 c4 8. Qxb6 axb6 9. a3 b5 10. Rc1 Bg7 11. Ngf3 0-0 12. Be2 Re8 13. 0-0 h6 14. Bd1 Bf5 15. Bc2 Bxc2 16. Rxc2 Nh5 17. g4 Nxf4 18. exf4 f5 19. gxf5 gxf5 20. Ne5 Bxe5 21. fxe5 Kf7 1/2-1/2

[Event "Daventry 4NCL Easter op-A 2nd"]
[Site "Daventry"]
[Date "2022.04.18"]
[Round "6"]
[White "Handley, Michael R"]
[Black "Cordova Lopez, Diego Anton"]
[Result "1-0"]
[WhiteElo "1982"]
[BlackElo "1632"]
[PlyCount "55"]
[EventDate "2022.04.15"]
[EventType "swiss"]
[EventRounds "7"]
[EventCountry "ENG"]
[SourceTitle "CBM 207 Extra"]
[Source "ChessBase"]
[SourceDate "2022.05.31"]
[SourceVersion "1"]
[SourceVersionDate "2022.05.31"]
[SourceQuality "1"]

1. d4 d5 2. c4 e6 3. Nf3 Nf6 4. g3 dxc4 5. Bg2 a6 6. 0-0 b5 7. Ne5 c6 8. Nxc6 Qb6 9. Nxb8 Rxb8 10. e4 Bb7 11. Re1 Be7 12. b3 cxb3 13. axb3 Bb4 14. Re2 0-0 15. Bb2 Rbc8 16. Qd3 Rfd8 17. Nd2 h6 18. Nf1 Rd7 19. d5 Rcd8 20. Bxf6 gxf6 21. Qf3 exd5 22. Qg4+ Kh8 23. exd5 Bf8 24. Ne3 Re7 25. Rd1 Re5 26. Nf5 Rxe2 27. Qxe2 Bc8 28. Qh5 1-0

[Event "Daventry 4NCL Easter op-A 2nd"]
[Site "Daventry"]
[Date "2022.04.17"]
[Round "5"]
[White "Cordova Lopez, Diego Anton"]
[Black "Varley, Joe"]
[Result "1-0"]
[WhiteElo "1632"]
[BlackElo "1871"]
[PlyCount "37"]
[EventDate "2022.04.15"]
[EventType "swiss"]
[EventRounds "7"]
[EventCountry "ENG"]
[SourceTitle "CBM 207 Extra"]
[Source "ChessBase"]
[SourceDate "2022.05.31"]
[SourceVersion "1"]
[SourceVersionDate "2022.05.31"]
[SourceQuality "1"]

1. e4 e5 2. Nf3 Nc6 3. Nc3 Nf6 4. a3 d5 5. Bb5 Nxe4 6. Qe2 Qd6 7. Nxe4 dxe4 8. Qxe4 Bd7 9. d4 0-0-0 10. dxe5 Nxe5 11. Bxd7+ Qxd7 12. 0-0 Ng6 13. Be3 Kb8 14. b4 Be7 15. b5 Qxb5 16. Rfb1 Qd5 17. Qa4 Bc5 18. c4 Qd6 19. Qb5 1-0

[Event "Gibraltar U12 op"]
[Site "Caleta"]
[Date "2019.08.19"]
[Round "6"]
[White "Cordova Lopez, Diego Anton"]
[Black "Richards, Alexander1111"]
[Result "1/2-1/2"]
[WhiteElo "1507"]
[BlackElo "1341"]
[PlyCount "34"]
[EventDate "2019.08.16"]
[EventType "swiss"]
[EventRounds "6"]
[EventCountry "GGB"]
[SourceTitle "CBM 195 Extra"]
[Source "ChessBase"]
[SourceDate "2020.05.31"]
[SourceVersion "1"]
[SourceVersionDate "2020.05.31"]
[SourceQuality "1"]

1. e4 e6 2. d4 d5 3. e5 c5 4. c3 cxd4 5. cxd4 Nc6 6. Nf3 Bb4+ 7. Bd2 Qb6 8. Bxb4 Qxb4+ 9. Qd2 Qxd2+ 10. Nbxd2 Nb4 11. Bb5+ Bd7 12. Bxd7+ Kxd7 13. 0-0 Ne7 14. a3 Nbc6 15. b4 Rhc8 16. Rac1 Nd8 17. Nb3 b6 1/2-1/2

[Event "Gibraltar U12 op"]
[Site "Caleta"]
[Date "2019.08.17"]
[Round "3"]
[White "Cordova Lopez, Diego Anton"]
[Black "Serrano Almendros, Angel"]
[Result "0-1"]
[WhiteElo "1507"]
[BlackElo "1913"]
[PlyCount "58"]
[EventDate "2019.08.16"]
[EventType "swiss"]
[EventRounds "6"]
[EventCountry "GGB"]
[SourceTitle "CBM 195 Extra"]
[Source "ChessBase"]
[SourceDate "2020.05.31"]
[SourceVersion "1"]
[SourceVersionDate "2020.05.31"]
[SourceQuality "1"]

1. e4 e6 2. d4 d5 3. e5 c5 4. c3 Nc6 5. Nf3 Qb6 6. b3 cxd4 7. cxd4 Bb4+ 8. Bd2 Nxd4 9. Bc3 Nxf3+ 10. Qxf3 Bd7 11. Be2 Ne7 12. 0-0 Bxc3 13. Nxc3 0-0 14. Rfd1 Rac8 15. Rac1 Rc7 16. Bd3 Ng6 17. Qg3 Rfc8 18. Bb1 Qb4 19. Ne2 Rxc1 20. Nxc1 Bb5 21. Bd3 Rc3 22. h3 Bxd3 23. Nxd3 Qd4 24. Kh2 h6 25. f4 Qe4 26. Qf3 Qxf3 27. gxf3 Rc2+ 28. Kg3 Ne7 29. Nf2 Nf5+ 0-1

[Event "Gibraltar U12 op"]
[Site "Caleta"]
[Date "2019.08.16"]
[Round "2"]
[White "Mahbubani, Dev"]
[Black "Cordova Lopez, Diego Anton"]
[Result "0-1"]
[WhiteElo "1309"]
[BlackElo "1507"]
[PlyCount "60"]
[EventDate "2019.08.16"]
[EventType "swiss"]
[EventRounds "6"]
[EventCountry "GGB"]
[SourceTitle "CBM 195 Extra"]
[Source "ChessBase"]
[SourceDate "2020.05.31"]
[SourceVersion "1"]
[SourceVersionDate "2020.05.31"]
[SourceQuality "1"]

1. e4 e5 2. Nf3 Nc6 3. Bc4 Bc5 4. d3 Nf6 5. Bg5 h6 6. Bh4 0-0 7. Nc3 Na5 8. Nxe5 d6 9. Nf3 Nxc4 10. dxc4 c6 11. 0-0 Re8 12. h3 g5 13. Bg3 Nxe4 14. Nxe4 Rxe4 15. b3 Qf6 16. Re1 Rxe1+ 17. Qxe1 Bxh3 18. Kh2 Bg4 19. Nd2 d5 20. cxd5 cxd5 21. c4 Be6 22. f3 Rd8 23. Rd1 Qg6 24. cxd5 Qh5+ 25. Bh4 Bxd5 26. Ne4 Bd6+ 27. Kg1 Bxe4 28. fxe4 Bc5+ 29. Kh2 Rxd1 30. Qg3 Qxh4+ 0-1